[Event "Olympiad Women 2024"]
[Site "Budapest HUN"]
[Date "2024.09.15"]
[Round "5.43"]
[Board "1"]
[White "Park, Sunwoo"]
[Black "Tan, Li Ting"]
[Result "0-1"]
[WhiteElo "1877"]
[BlackElo "2037"]
[PlyCount "70"]
[EventDate "2024.09.11"]
[WhiteTeam "South Korea"]
[BlackTeam "Malaysia"]
[BlackTeamCountry "MAS"]

1. e4 e5 2. Nf3 Nc6 3. Bc4 Bc5 4. c3 Nf6 5. d3 d6 6. Bb3 h6 7. Nbd2 a6 8. h3 Ba7 9. O-O O-O 10. Re1 Be6 11. Bc2 Re8 12. Nf1 d5 13. exd5 Nxd5 14. Ng3 Qd6 15. Be3 $146 ({RR} 15. Nh4 Qe7 16. Nhf5 Qf6 17. Qf3 Kh8 18. Qe4 g6 19. Ne3 Rad8 20. Bd2 Nf4 21. Kh2 Rd7 22. Rad1 Red8 23. Bc1 Qh4 24. d4 f5 25. Nexf5 gxf5 26. Nxf5 Qg5 27. Bxf4 Bxf5 28. Bxg5 Bxe4 29. Bf6+ Kg8 {1-0 Sagafos,M (2384)-Ingebretsen,J (2174) Kragero op 2018 (6)}) ({RR} 15. Nh4 Qd7 16. Qf3 Qe7 17. Nhf5 Qf8 18. Bb3 Rad8 19. Nh5 Bxf5 20. Qxf5 Nde7 21. Qf3 Ng6 22. Re4 Na5 23. Bc2 f5 24. Re1 Kh8 25. Ng3 Nh4 26. Qh5 Qf6 27. d4 e4 28. Bf4 Bb6 29. Qe2 Nc6 {½-½ Giri,A (2778)-So,W (2767) Grand Slam Final 8th playoff blitz 2015 (2)}) ({RR} 15. Nh4 Rad8 16. Nhf5 Bxf5 17. Nxf5 Qf6 18. Qf3 Nce7 19. Nxe7+ Rxe7 20. Qxf6 Nxf6 21. Re2 Nd5 22. Bd2 Rde8 23. Rae1 Re6 24. g3 c6 25. Kg2 h5 26. h4 g6 27. d4 Bb8 28. dxe5 Rxe5 29. Rxe5 Rxe5 {1-0 Timoshin,M (2327)-Lebedev,A (2024) 20th Moscow Open A 2024 (9.22)}) ({RR} 15. Nh4 Qe7 16. Nhf5 Qf6 17. Qf3 Kh8 18. h4 Nde7 19. Nxe7 Qxf3 20. Ng6+ fxg6 21. gxf3 Bd5 22. Ne4 Ne7 23. Kg2 Nf5 24. Rh1 Rf8 25. Bd2 Bb6 26. Rae1 c6 27. Rh3 Bd8 28. Reh1 Be7 29. a3 Be6 {0-1 Erdogdu,M (2415)-Schroeder,J (2539) Barcelona Sants op 19th 2017 (10)}) ({RR} 15. Nh4 Qe7 16. Nhf5 Qf6 17. Qf3 Kh8 18. Qe4 g6 19. Ne3 Nf4 20. Rf1 Rad8 21. Ng4 Qh4 22. Bxf4 Bd5 23. Bxe5+ Nxe5 24. Qf4 Nxg4 25. Qxg4 Qxg4 26. hxg4 Be6 27. Ne4 Bxg4 28. Nf6 Be2 29. Nxe8 Bxf1 {½-½ Sandu,M (2246)-Galunova,T (2149) EU-ch (Women) 17th 2016 (6)}) 15... Nxe3 16. fxe3 f5 17. Bb3 f4 18. Nf5 Qf8 19. N3h4 Kh7 20. Qg4 g5 21. Bxe6 Rxe6 22. Nd4 Rf6 23. Nxc6 bxc6 24. Nf3 Bxe3+ 25. Kh1 Qe7 26. Qh5 Rg6 27. Nh2 e4 28. dxe4 Qxe4 29. Rad1 Re8 30. Ng4 Kg7 31. Rd7+ Re7 32. Red1 Bc5 33. Nxh6 Rxh6 34. Qg4 Rg6 35. Rd8 Qe1+ 0-1

[Event "Olympiad Women 2024"]
[Site "Budapest HUN"]
[Date "2024.09.15"]
[Round "5.43"]
[Board "3"]
[White "Kang, Sohyun"]
[Black "Azhar, Puteri Rifqah Fahada"]
[Result "1/2-1/2"]
[WhiteElo "1726"]
[BlackElo "1947"]
[PlyCount "69"]
[EventDate "2024.09.11"]
[WhiteTeam "South Korea"]
[BlackTeam "Malaysia"]
[BlackTeamCountry "MAS"]

1. e4 c5 2. Nc3 a6 3. g3 b5 4. Bg2 Bb7 5. d3 e6 6. f4 b4 7. Nce2 Nf6 ({RR} 7... f5 8. Nf3 fxe4 9. Ng5 h6 10. Nxe4 d5 11. Nf2 Nf6 12. O-O Nbd7 13. c3 bxc3 14. bxc3 Bd6 15. Bh3 Kf7 16. d4 c4 17. Kh1 Qa5 18. Qc2 Rhe8 19. Ng1 Kg8 20. Nf3 Ne4 21. Nxe4 dxe4 22. Ne5 {0-1 Tairova,E (2415)-Nepomniachtchi,I (2545) Moscow RGSU-A 2006 (4)}) ({RR} 7... d5 8. e5 Ne7 9. Nh3 Nf5 10. O-O h5 11. c3 Nc6 12. a3 a5 13. Bd2 Be7 14. Qa4 O-O 15. Bf3 Qb6 16. Bxh5 c4+ 17. d4 b3 18. g4 Nh4 19. f5 Nxe5 20. Nef4 Bc6 21. fxe6 Bxa4 22. Nxd5 {0-1 Miller,A (1716)-Meza,A (2040) 7th Marcel Duchamp Cup 2024 (3.23)}) 8. c3 $146 ({RR} 8. Nf3 Be7 9. O-O O-O 10. h3 Nc6 11. Be3 d5 12. e5 Nd7 13. c4 Nb6 14. Qc2 Rc8 15. Rad1 Qc7 16. b3 a5 17. Bf2 dxc4 18. dxc4 Rfd8 19. Rxd8+ Rxd8 20. Rd1 Rxd1+ 21. Qxd1 a4 22. Qd3 Na5 {0-1 Sharmin,S (1861)-Sultana,S (2026) BAN-ch (Women) 35th 2015 (10)}) ({RR} 8. Nf3 Nc6 9. O-O Be7 10. e5 Ng4 11. h3 Nh6 12. g4 Qb6 13. Be3 f5 14. g5 Nf7 15. c3 O-O 16. Qe1 g6 17. Qf2 Rfc8 18. Rfc1 Na5 19. cxb4 Qxb4 20. Rc2 c4 21. dxc4 Nxc4 22. Bd4 Be4 {1-0 Prats Rodriguez,J (2028)-Lanza,L (2184) Albacete op U2300 1st 2012 (4)}) ({RR} 8. Nf3 d5 9. e5 Nfd7 10. Be3 Nc6 11. O-O Be7 12. c3 bxc3 13. bxc3 O-O 14. h3 Qc7 15. g4 a5 16. Ng3 Ba6 17. Rf2 Rab8 18. d4 Rb6 19. f5 Rfb8 20. Ng5 Bxg5 21. Bxg5 cxd4 22. cxd4 Rb2 {½-½ Schwartz,M (2064)-Berg,G (2077) USA-chT Amateur East 2013 (5)}) 8... Be7 9. Nh3 Qb6 10. Qc2 d6 11. Bf3 Nc6 12. Be3 Rc8 13. Qd1 O-O 14. g4 Rfd8 15. O-O Qb5 16. g5 Ne8 17. Bg4 Rc7 18. Ng3 Bc8 19. Rc1 Qb7 20. d4 cxd4 21. cxd4 d5 22. e5 g6 23. Qa4 Bd7 24. Qd1 Rdc8 25. b3 Na7 26. Rxc7 Rxc7 27. Qd2 Nb5 28. Be2 Qc8 29. Bd3 Nc3 30. Qb2 Bb5 31. Nf2 Rc6 32. h4 Bxd3 33. Nxd3 Nb5 34. Rf2 Rc3 35. Qe2 1/2-1/2

[Event "Olympiad Women 2024"]
[Site "Budapest HUN"]
[Date "2024.09.15"]
[Round "5.43"]
[Board "4"]
[White "Nithyalakshmi, Sivanesan"]
[Black "Kim, Sarang"]
[Result "1-0"]
[WhiteElo "1912"]
[BlackElo "1732"]
[PlyCount "75"]
[EventDate "2024.09.11"]
[WhiteTeam "Malaysia"]
[BlackTeam "South Korea"]
[WhiteTeamCountry "MAS"]

1. e4 e6 2. d4 d5 3. e5 c5 4. c3 Ne7 5. Nf3 Nec6 6. Bd3 cxd4 ({RR} 6... Be7 7. O-O b6 8. Qe2 a5 9. Na3 Ba6 10. Nb5 c4 11. Bxc4 dxc4 12. Nd6+ Bxd6 13. exd6 Qxd6 14. d5 Qxd5 15. Bf4 O-O 16. Rad1 Qf5 17. Bd6 Re8 18. Nd4 Nxd4 19. Rxd4 Bb7 20. Rfd1 e5 21. f4 {0-1 Gavrilescu,D (2523)-Kovalenko,I (2674) Chessable Masters Play-In 2024 (9)}) ({RR} 6... Be7 7. O-O b6 8. Nbd2 a5 9. Re1 Ba6 10. Bxa6 Nxa6 11. Nf1 Qc7 12. Be3 c4 13. b3 b5 14. a4 b4 15. bxc4 dxc4 16. d5 exd5 17. Qxd5 bxc3 18. e6 O-O 19. exf7+ Rxf7 20. Qxc4 Ncb4 21. Qb3 {1-0 Tuncer,T (2328)-Martinez,S (1869) Titled Tue 9th Jan Early 2024 (7)}) 7. O-O $146 ({RR} 7. cxd4 Nb4 8. Be2 Nd7 9. O-O Be7 10. Nc3 O-O 11. a3 Nc6 12. b4 f6 13. exf6 Bxf6 14. Ra2 Kh8 15. Be3 a6 16. Bd3 e5 17. dxe5 Ndxe5 18. Nxe5 Nxe5 19. Be2 Nc4 20. Nxd5 Nxe3 21. Nxe3 Be6 {1-0 Parkanyi,A (2390)-Sulyok,S (2305) HUN-chT2 9899 1998}) ({RR} 7. cxd4 Qb6 8. O-O Nb4 9. Be2 Nd7 10. Nc3 Be7 11. a3 Nc6 12. b4 O-O 13. Bd3 f6 14. exf6 Bxf6 15. Bb2 Nxd4 16. Na4 Nxf3+ 17. Qxf3 Qd6 18. Qh5 h6 19. Qg6 Ne5 20. Bxe5 Bxe5 21. Qh7+ Kf7 {0-1 Tsouvelekis,I-Lakat,G (1976) Budapest FS12 FM-B 2003 (4)}) ({RR} 7. cxd4 Bb4+ 8. Nc3 Bd7 9. O-O Na6 10. a3 Be7 11. b4 Nc7 12. Bf4 O-O 13. Rc1 Rc8 14. Ne2 a6 15. Bb1 Ne8 16. Bg3 g6 17. h4 Ng7 18. Nf4 f6 19. Re1 fxe5 20. dxe5 Nf5 21. Bxf5 Rxf5 {½-½ Morais,V (2052)-Sukhov,A (2168) Barreiro op 12th 2006 (5)}) 7... dxc3 8. Nxc3 Be7 9. a3 a6 10. Re1 O-O 11. Qc2 h6 12. Bf4 f5 13. exf6 Bxf6 14. Bh7+ Kh8 15. Bg3 Nd4 16. Nxd4 Bxd4 17. Ne2 Bxb2 18. Ra2 Bf6 19. Bc7 Qe8 20. Nf4 Rf7 21. Bd6 g5 22. Nxd5 Bd4 23. Qd3 Nc6 24. Bg6 e5 25. Nc7 Qd7 26. Nxa8 Qxd6 27. Nb6 Be6 28. Rd2 Rf6 29. Na4 b5 30. Nb2 Qc5 31. Nd1 Bg4 32. Qc2 Rxf2 33. Nxf2 Qb6 34. Be4 Na5 35. Kh1 Nc4 36. Rxd4 Qxd4 37. Nxg4 Nd6 38. Nxh6 1-0

[Event "Olympiad Women 2024"]
[Site "Budapest HUN"]
[Date "2024.09.15"]
[Round "5.44"]
[Board "2"]
[White "Torres Hernandez, Leslie Carolin"]
[Black "Latreche, Sabrina"]
[Result "0-1"]
[WhiteElo "1891"]
[BlackElo "2030"]
[PlyCount "52"]
[EventDate "2024.09.11"]
[WhiteTeam "Honduras"]
[BlackTeam "Algeria"]
[WhiteTeamCountry "HON"]
[BlackTeamCountry "ALG"]

1. e4 e5 2. Nf3 Nc6 3. Bb5 Nge7 4. c3 Ng6 5. O-O d6 6. d4 Bd7 7. Be3 Be7 8. Nbd2 O-O 9. Bc4 ({RR} 9. a4 Kh8 10. h3 a6 11. Bd3 exd4 12. Nxd4 Nxd4 13. cxd4 f5 14. exf5 Bxf5 15. Bxf5 Rxf5 16. Qb3 Rb8 17. Rac1 c6 18. Nc4 d5 19. Ne5 Bd6 20. Qd3 Qc8 21. f4 Rf6 22. Rf2 Qc7 23. Qe2 Rbf8 {1-0 Efimenko,Z (2572)-Roussel Roozmon,T (2451) Montreal-A 5th 2004 (5)}) ({RR} 9. a4 a6 10. Bc4 Kh8 11. dxe5 Ncxe5 12. Nxe5 Nxe5 13. Be2 f5 14. exf5 Bxf5 15. Nc4 Nxc4 16. Bxc4 c6 17. Bd3 Qd7 18. Qc2 d5 19. Rad1 b5 20. Rfe1 Bd6 21. Bd4 Kg8 22. Bxf5 Rxf5 23. axb5 axb5 {0-1 Velikov,N (1919)-Dvalishvili,P (2383) Paracin Prestige Open 2024 (2.15)}) 9... Kh8 10. b4 $146 ({RR} 10. d5 Nb8 11. Bd3 f5 12. exf5 Bxf5 13. Bxf5 Rxf5 14. Ne4 Nd7 15. b3 Nc5 16. Qc2 Nxe4 17. Qxe4 Qf8 18. Kh1 Qf7 19. Ng1 h5 20. g3 Bg5 21. Bxg5 Rxg5 22. Rad1 Rf5 23. h4 Rf8 24. Nh3 Qf6 {1-0 Guisande,F (1909)-Garcia,A (1832) Montevideo Trebejos Autumn op 2017 (4)}) ({RR} 10. dxe5 Ncxe5 11. Nxe5 Nxe5 12. Be2 f5 13. exf5 Bxf5 14. Nb3 c5 15. f4 Nc6 16. Bf3 Bf6 17. Qd2 a5 18. a4 Qb6 19. Nc1 Rad8 20. Nd3 Rfe8 21. Bf2 Qa6 22. Rfd1 Qc4 23. Ne1 Qf7 24. Bd5 Qh5 {½-½ Bryzgalin,K (2396)-Malysheva,P (2104) Petrov Memorial op 2002 (2)}) 10... f5 11. exf5 Bxf5 12. Qb3 a5 13. a3 e4 14. Ne1 axb4 15. cxb4 Bf6 16. Nc2 Qe7 17. Rad1 Nd8 18. Rfe1 c6 19. Nf1 d5 20. Be2 Nh4 21. Ng3 Qd7 22. Bf1 Bg4 23. Be2 Bh3 24. Bf1 Bg4 25. Be2 Bf3 26. gxf3 Qh3 0-1

[Event "Olympiad Women 2024"]
[Site "Budapest HUN"]
[Date "2024.09.15"]
[Round "5.44"]
[Board "3"]
[White "Nassr, Rania"]
[Black "Cruz, Bitia"]
[Result "1/2-1/2"]
[WhiteElo "1866"]
[BlackElo "1736"]
[PlyCount "64"]
[EventDate "2024.09.11"]
[WhiteTeam "Algeria"]
[BlackTeam "Honduras"]
[WhiteTeamCountry "ALG"]
[BlackTeamCountry "HON"]

1. d4 d5 2. Nf3 Nf6 3. g3 e6 4. Bg2 c5 5. e3 Nbd7 6. O-O Be7 ({RR} 6... Bd6 7. b3 b6 8. Bb2 Ba6 9. Re1 Rc8 10. Ne5 Qc7 11. Nxd7 Qxd7 12. a4 cxd4 13. exd4 h5 14. Ba3 h4 15. Bxd6 Qxd6 16. Na3 hxg3 17. hxg3 Rc3 18. Qd2 Qc7 19. Re3 Ne4 20. Bxe4 Rxe3 21. Qxe3 {1-0 Begic,K (1877)-Szczotka,K (2020) World Youth Girls U16 2023 (7.9)}) 7. b3 ({RR} 7. Nbd2 O-O 8. c4 cxd4 9. Nxd4 Nb6 10. cxd5 Nbxd5 11. Nc4 Qc7 12. b3 Bd7 13. a4 a6 14. e4 Nb4 15. Bf4 Qd8 16. Qd2 Bc6 17. Nxc6 Nxc6 18. Qe3 Qd4 19. Rfd1 Qxe3 20. Bxe3 Rfd8 21. Bb6 Rd7 {1-0 Rosic,S (2237)-Andrijevic,M (2377) Vojvodina-chT 2009 (2)}) 7... b5 8. dxc5 $146 ({RR} 8. c4 bxc4 9. bxc4 Rb8 10. cxd5 Nxd5 11. e4 N5b6 12. Bf4 Ra8 13. d5 exd5 14. exd5 O-O 15. Ne5 Nxe5 16. Bxe5 Bb7 17. d6 Bxg2 18. dxe7 Qxe7 19. Re1 Qb7 20. Qg4 f6 21. Bd6 Rfe8 22. Nd2 Bd5 {0-1 Mazur,B (1603)-Gawiec,K (1817) POL-chT U19 1st League 2010 (9)}) ({RR} 8. c4 bxc4 9. bxc4 Ba6 10. Ne5 Nxe5 11. dxe5 Bxc4 12. Bb2 Nd7 13. Qg4 O-O 14. Rd1 Qb6 15. Na3 Qxb2 16. Nxc4 dxc4 17. Bxa8 Rxa8 18. Rab1 Qc2 19. Rbc1 Qa4 20. Rxc4 Qc6 21. f4 Nb6 22. Rc2 Nd5 {0-1 Kindl,P-Eisele,S Wuerttemberg-ch  1983 (3)}) 8... Nxc5 9. Bb2 O-O 10. Ne5 Qc7 11. Nd2 Bb7 12. Rc1 Bd6 13. Ndf3 Qa5 14. Bd4 Nce4 15. c4 bxc4 16. bxc4 Rfd8 17. Rc2 Rac8 18. cxd5 Bxd5 19. Qe2 Nc3 20. Bxc3 Rxc3 21. Rfc1 Rxc2 22. Rxc2 Bxe5 23. Nxe5 Bxg2 24. Nc4 Qd5 25. Rd2 Qa8 26. Rxd8+ Qxd8 27. Kxg2 Qd5+ 28. f3 Nd7 29. e4 Qc5 30. Ne3 f6 31. Kf2 Nb6 32. Qd3 Kf7 1/2-1/2

[Event "Olympiad Women 2024"]
[Site "Budapest HUN"]
[Date "2024.09.15"]
[Round "5.44"]
[Board "4"]
[White "Maradiaga, Cesia"]
[Black "Djerroud, Chahrazed"]
[Result "0-1"]
[WhiteElo "1675"]
[BlackElo "1910"]
[PlyCount "54"]
[EventDate "2024.09.11"]
[WhiteTeam "Honduras"]
[BlackTeam "Algeria"]
[WhiteTeamCountry "HON"]
[BlackTeamCountry "ALG"]

1. Nf3 Nf6 2. c4 g6 3. Nc3 Bg7 4. d4 d6 5. e3 O-O 6. Bd3 Nbd7 7. O-O e5 8. Re1 Re8 9. Qc2 Qe7 10. dxe5 dxe5 11. e4 c6 12. Be3 $146 ({RR} 12. Bg5 Nc5 13. Be2 Ne6 14. Rad1 h6 15. Bc1 Nh5 16. Be3 Nef4 17. h3 Qf6 18. Kh2 Nxe2 19. Nxe2 Qe7 20. g4 Nf6 21. c5 h5 22. g5 Nh7 23. Rd6 Be6 24. b3 f6 25. h4 f5 26. Bc1 Qf7 {1-0 Simovic,Z (1951)-Popovic,M (2186) Novi Sad Winter op 2014 (1)}) ({RR} 12. b3 Nh5 13. Ne2 Nc5 14. Ba3 Bf8 15. Qc3 a5 16. Bb2 Bg4 17. Bc2 Qc7 18. Rad1 b5 19. cxb5 cxb5 20. Nxe5 b4 21. Qd4 Bg7 22. Qd6 Qxd6 23. Rxd6 Bxe5 24. Bxe5 Rxe5 25. f3 Bd7 26. Red1 Be8 {½-½ Wuerfel,C-Hertweck,M Verbandsliga Nord Baden 1997 (1.7)}) 12... Nc5 13. Bf1 a5 14. Rad1 Bg4 15. Be2 Rad8 16. a3 Nfd7 17. b4 axb4 18. axb4 Ne6 19. b5 Bxf3 20. Bxf3 Nd4 21. Bxd4 exd4 22. Ne2 Ne5 23. Qb3 Nxf3+ 24. Qxf3 Qxe4 25. Ng3 Qxe1+ 26. Rxe1 Rxe1+ 27. Nf1 d3 0-1

[Event "Olympiad Women 2024"]
[Site "Budapest HUN"]
[Date "2024.09.15"]
[Round "5.45"]
[Board "3"]
[White "Randriatsiferana, Dimbiharentsoa Christiana"]
[Black "Helgadottir, Idunn"]
[Result "1-0"]
[WhiteElo "1736"]
[BlackElo "1837"]
[PlyCount "67"]
[EventDate "2024.09.11"]
[WhiteTeam "Madagascar"]
[BlackTeam "Iceland"]
[WhiteTeamCountry "MAD"]
[BlackTeamCountry "ISL"]

1. e4 Nc6 2. Nf3 e5 3. d4 exd4 4. Bc4 Bc5 5. c3 dxc3 6. Bxf7+ Kxf7 7. Qd5+ Kf8 8. Qxc5+ d6 9. Qxc3 Qf6 10. O-O Bg4 11. Bg5 ({RR} 11. Nfd2 Re8 12. f3 Bd7 13. Nc4 Nd4 14. Rf2 Ne7 15. Be3 Nec6 16. Nbd2 b5 17. Na5 b4 18. Qd3 Kf7 19. Nxc6 Nxc6 20. Rc1 Rhf8 21. Rxc6 Bxc6 22. Qc4+ d5 23. exd5 Rxe3 24. Ne4 Re1+ 25. Rf1 Rxf1+ {½-½ Myers,D (2042)-Demin,V (2430) Titled Tue 2nd May Early 2023 (4)}) 11... Qxc3 12. Nxc3 Bxf3 $146 ({RR} 12... h6 13. Bh4 Bxf3 14. gxf3 Nge7 15. Rac1 Rc8 16. f4 Ng6 17. Bg3 Kf7 18. f5 Nge5 19. f4 Nd3 20. Rcd1 Nxb2 21. Rb1 Nd3 22. Rxb7 Nc5 23. Rbb1 Rhe8 24. Rbe1 Nd4 25. Kg2 Rb8 26. Bf2 Rb2 27. Kg3 {1-0 Reitinger,P (2095)-Horak,J (2241) CZE-chT2b 0506 2005 (6)}) 13. gxf3 h6 14. Be3 Nf6 15. Rad1 a6 16. Bd4 Kf7 17. Rfe1 Rae8 18. f4 Rhf8 19. Bxf6 gxf6 20. Re3 Rg8+ 21. Rg3 f5 22. f3 Ne7 23. Kf2 Ng6 24. Rd5 Nh4 25. Rh3 Ng6 26. Rxf5+ Kg7 27. Nd5 Ref8 28. Rxf8 Rxf8 29. Rg3 Kh7 30. Ke3 c6 31. f5 Ne5 32. Nb6 Rf6 33. f4 Nf7 34. Nd7 1-0

[Event "Olympiad Women 2024"]
[Site "Budapest HUN"]
[Date "2024.09.15"]
[Round "5.45"]
[Board "4"]
[White "Briem, Gudrun Fanney"]
[Black "Tsinjoviniavo, Aina Mahasambatra"]
[Result "1-0"]
[WhiteElo "1764"]
[BlackElo "1662"]
[PlyCount "81"]
[EventDate "2024.09.11"]
[WhiteTeam "Iceland"]
[BlackTeam "Madagascar"]
[WhiteTeamCountry "ISL"]
[BlackTeamCountry "MAD"]

1. d4 d5 2. c4 c6 3. cxd5 cxd5 4. Bf4 Nc6 5. e3 Nf6 6. Nc3 a6 7. Nf3 Bg4 8. Be2 e6 9. Qb3 b5 ({RR} 9... Bxf3 10. Bxf3 Na5 11. Qd1 Bd6 12. Bg5 O-O 13. O-O h6 14. Bh4 Rc8 15. Rc1 b5 16. a4 b4 17. Nb1 g5 18. Bg3 Bxg3 19. hxg3 Qd7 20. Qd3 Rc6 21. Rc5 Nb7 22. Rc2 Rfc8 23. Rfc1 Nd6 24. b3 {½-½ Harikrishna,P (2726)-Tomashevsky,E (2695) Wch Blitz 8th 2014 (20)}) ({RR} 9... Bxf3 10. gxf3 Na5 11. Qa4+ Nc6 12. Qb3 Na5 13. Qa4+ Nc6 14. Qb3 Na5 15. Qa4+ {½-½ Deng,Y (1574)-Cui,W (1718) Chinese Youth G20 2024 (9.6)}) 10. h3 $146 ({RR} 10. Nxb5 e5 11. dxe5 Qa5+ 12. Kf1 axb5 13. Bxb5 Rc8 14. exf6 Bd7 15. Qxd5 gxf6 16. Nd4 Qb6 17. Rc1 {1-0 Menard,D (1926)-Kayembe,D (1772) Quebec-op U2000 2006 (6)}) ({RR} 10. Rc1 Na5 11. Qd1 Bd6 12. Ne5 Bxe2 13. Qxe2 O-O 14. O-O Rc8 15. Bg3 Nc4 16. b3 Nb6 17. a4 Ba3 18. Rc2 bxa4 19. Nxa4 Rxc2 20. Qxc2 Nxa4 21. bxa4 Ne4 22. Qd3 Nxg3 23. hxg3 Qd6 24. Rb1 Bb4 {1-0 Bai,M-Yu,X CHN-ch China 1987}) ({RR} 10. O-O Na5 11. Qd1 Be7 12. Rc1 O-O 13. a4 Bxf3 14. gxf3 b4 15. Na2 Bd6 16. Bg5 h6 17. Bh4 g5 18. Bg3 Qb8 19. Kg2 b3 20. Nc3 Bxg3 21. hxg3 Rc8 22. Rh1 Kg7 23. Rh2 Nc4 24. Bxc4 Rxc4 {1-0 Botsari,A (2005)-Gadau,R (2095) Dortmund (Women) 1987 (8)}) 10... Na5 11. Bxb5+ Nd7 12. Bxd7+ Qxd7 13. Qa4 Bxf3 14. gxf3 Nc4 15. b3 Nb2 16. Qxd7+ Kxd7 17. Kd2 Bb4 18. Rab1 Rhc8 19. Rhc1 Ba3 20. Rc2 Rc6 21. Rcxb2 Bxb2 22. Rxb2 Rac8 23. Na4 f6 24. Nc5+ Ke7 25. b4 g5 26. Bg3 Rg8 27. Rb3 Rb6 28. Kc3 h5 29. Ra3 Rc8 30. Kb3 Ra8 31. Ra5 f5 32. a4 Kf6 33. Nd7+ Kg6 34. Nxb6 Rg8 35. Rxa6 h4 36. Be5 Kh5 37. Nd7 Rg6 38. Nf6+ Kh6 39. Ra7 g4 40. Rh7+ Kg5 41. f4# 1-0

[Event "Olympiad Women 2024"]
[Site "Budapest HUN"]
[Date "2024.09.15"]
[Round "5.46"]
[Board "1"]
[White "Shohradova, Lala"]
[Black "Jop A., Laura Elizabeth"]
[Result "1-0"]
[WhiteElo "2030"]
[BlackElo "1686"]
[PlyCount "75"]
[EventDate "2024.09.11"]
[WhiteTeam "Turkmenistan"]
[BlackTeam "Guatemala"]
[WhiteTeamCountry "TKM"]
[BlackTeamCountry "GUA"]

1. d4 d5 2. c4 c6 3. Nc3 Nf6 4. Nf3 e6 5. Bg5 Be7 6. e3 h6 7. Bh4 Nbd7 8. cxd5 Nxd5 9. Bxe7 Qxe7 10. Bd3 ({RR} 10. Rc1 O-O 11. Qb3 e5 12. Nxd5 cxd5 13. Be2 e4 14. Nd2 Nf6 15. O-O Be6 16. Rc3 Rfc8 17. Rfc1 h5 18. Rxc8+ Rxc8 19. Rxc8+ Bxc8 20. Qc3 Qd8 21. Qa3 a5 22. Nb1 h4 23. h3 g5 {½-½ Gharamian,T (2656)-Guliyev,N (2557) Paris-ch op-FIDE 89th 2014 (4)}) 10... O-O 11. O-O Re8 $146 ({RR} 11... Nxc3 12. bxc3 e5 13. e4 c5 14. d5 Nf6 15. Nd2 Ne8 16. a4 Nd6 17. Nc4 f5 18. Nxd6 Qxd6 19. exf5 Bxf5 20. Bxf5 Rxf5 21. Rb1 b6 22. a5 Raf8 23. axb6 axb6 24. Qb3 R8f6 25. c4 Rf4 26. Rb2 {0-1 Sitbon,I (2218)-Suyarov,M (2430) Titled Tue 18th Jun Early 2024 (1)}) ({RR} 11... Nxc3 12. bxc3 e5 13. Qc2 Re8 14. Bh7+ Kh8 15. Bf5 e4 16. Nd2 Nf6 17. Bxc8 Raxc8 18. c4 c5 19. d5 Qd6 20. h3 b5 21. Rfd1 b4 22. a3 a5 23. axb4 axb4 24. Ra7 Rc7 25. Rda1 Qe5 26. R1a5 {½-½ Mezhlumian,V (2208)-Mikaelyan,A (2556) chess.com SpeedChess Q2Sw 2022 (4)}) ({RR} 11... Nxc3 12. bxc3 c5 13. Nd2 b6 14. a4 Bb7 15. f4 Rfd8 16. Qe2 Nf6 17. Rfc1 Rac8 18. Nc4 cxd4 19. cxd4 Rc7 20. a5 b5 21. Nd2 a6 22. Nb3 Rdc8 23. Rd1 Nd5 24. Qe1 Qf6 25. Rac1 g5 26. Rxc7 {½-½ Ubiennykh,E (2288)-Markelova,L (2103) 73rd ch-RUS HL w 2023 (6.13)}) 12. Qd2 b6 13. e4 N5f6 14. e5 Nd5 15. Ne4 c5 16. Nd6 Rd8 17. Be4 cxd4 18. Bxd5 exd5 19. Rfe1 Nc5 20. Nxd4 Bb7 21. N4f5 Qd7 22. Qf4 Ne6 23. Nxh6+ gxh6 24. Qxh6 d4 25. Ne4 Bxe4 26. Rxe4 Nf8 27. e6 Qd5 28. Rg4+ Ng6 29. exf7+ Kxf7 30. Qxg6+ Ke7 31. Qg7+ Kd6 32. Rxd4 Qxd4 33. Qxd4+ Kc6 34. Rc1+ Kb7 35. Qe4+ Ka6 36. h4 Rh8 37. Rc4 Rae8 38. Ra4+ 1-0

[Event "Olympiad Women 2024"]
[Site "Budapest HUN"]
[Date "2024.09.15"]
[Round "5.46"]
[Board "2"]
[White "Raymundo, Deycy Daniela"]
[Black "Shohradova, Leyla"]
[Result "0-1"]
[WhiteElo "1728"]
[BlackElo "1873"]
[PlyCount "90"]
[EventDate "2024.09.11"]
[WhiteTeam "Guatemala"]
[BlackTeam "Turkmenistan"]
[WhiteTeamCountry "GUA"]
[BlackTeamCountry "TKM"]

1. e4 e6 2. d4 d5 3. exd5 exd5 4. Bd3 Bd6 5. h3 h6 ({RR} 5... c6 6. Nf3 Ne7 7. O-O Bf5 8. Nc3 O-O 9. Re1 Bxd3 {½-½ Janev,E (2498)-Georgiev,V (2560) Montecatini Terme-A 2002 (1)}) 6. Nf3 Ne7 ({RR} 6... Nf6 7. c3 c6 8. Be3 Be6 9. Nbd2 Nbd7 10. Qc2 Qc7 11. O-O O-O 12. c4 dxc4 13. Nxc4 Bf4 14. Bxf4 Qxf4 15. Rfe1 Bxh3 16. gxh3 Qxf3 17. Re3 Qf4 18. Qd2 Nd5 19. Rg3 Qxd2 20. Nxd2 N7f6 21. Kh2 {1-0 Lucio Pinzon,S (1579)-Pena Nieto,A (1908) 17th American Cont Rapid 2024 (8.113)}) 7. Nc3 $146 ({RR} 7. O-O Nbc6 8. Re1 Be6 9. c3 Qd7 10. Qe2 O-O-O 11. b4 Rdg8 12. b5 Nd8 13. Ne5 Qe8 14. a4 f6 15. Nf3 g5 16. Nh2 h5 17. a5 g4 18. h4 g3 19. fxg3 Rxg3 20. b6 cxb6 21. axb6 axb6 {½-½ Barboza,M (1904)-Moritz,D (2036) Frontera online op 2nd 2020 (2)}) ({RR} 7. O-O O-O 8. b3 Re8 9. c4 c6 10. c5 Bc7 11. Qc2 Be6 12. Ne5 Nd7 13. f4 f6 14. Bh7+ Kh8 15. Ng6+ Nxg6 16. Bxg6 Re7 17. Nd2 Nf8 18. Bd3 Qe8 19. f5 Bd7 20. Qd1 Qf7 21. Nf3 Rae8 {0-1 Konfendrat,V-Shpilevoy,E (1999) Geller Memorial op-B 7th 2011 (7)}) ({RR} 7. O-O O-O 8. c3 Ng6 9. Re1 Nc6 10. Nbd2 Nce7 11. Nf1 b6 12. Ne5 c5 13. Nxg6 Nxg6 14. Be2 Bb7 15. dxc5 bxc5 16. Bf3 Bc7 17. Ne3 Re8 18. c4 Qd6 19. g3 Rad8 20. Bxd5 Bxd5 21. Nxd5 Rxe1+ {1-0 Cibulskyte,S (1085)-Mikulinaite,M (1136) Plunge op-B 41st 2022 (7)}) 7... c6 8. Qe2 Qc7 9. O-O O-O 10. Nd1 Nd7 11. Ne3 Nf6 12. Nh4 Bf4 13. Nef5 Nxf5 14. Nxf5 Bxf5 15. Bxf5 Bxc1 16. Raxc1 Rae8 17. Qd2 Re7 18. Rfe1 Rfe8 19. Qb4 Qf4 20. Bd3 c5 21. Qc3 cxd4 22. Qb4 a5 23. Qxa5 Ne4 24. f3 Nf6 25. Rcd1 Re3 26. Qb4 Qg3 27. Rxe3 dxe3 28. Qe1 Qe5 29. c3 Nh5 30. Be2 Re6 31. Rd4 Nf4 32. Kh1 Rg6 33. g4 Nxh3 34. Qh4 Nf4 35. Qh2 Rf6 36. a4 h5 37. gxh5 Rf5 38. Kg1 Nxe2+ 39. Qxe2 Rxh5 40. Rg4 Qe6 41. Rg3 Qf5 42. Kg2 Qh7 43. Qxe3 Rh2+ 44. Kg1 Rh1+ 45. Kf2 Qc2+ 0-1